Effects of Knowledge Management on Communication of Slovak Higher Education Institutions
Komunikácia prostredníctvom webových stránok vysokých škôl. Vysoké školy, fakulty a ich komunikácia so zúčastnenými stranami o svojich znalostných iniciatívach, projektoch a iných otázkach súvisiacich so skúmaním manažmentu vedomostí. Či a do akej miery sú verejne dostupné zdroje na ich webových str...
Saved in:
| Main Author: | |
|---|---|
| Format: | Book Chapter |
| Language: | English |
| Subjects: | |
| Tags: |
No Tags, Be the first to tag this record!
|
MARC
| LEADER | 00000naa$a2200000$$$4500 | ||
|---|---|---|---|
| 001 | 0260430 | ||
| 005 | 20240502074126.1 | ||
| 041 | 0 | |a eng | |
| 044 | |a SK | ||
| 245 | 1 | 0 | |a Effects of Knowledge Management on Communication of Slovak Higher Education Institutions |c Ivan Hlavatý |
| 520 | |a Komunikácia prostredníctvom webových stránok vysokých škôl. Vysoké školy, fakulty a ich komunikácia so zúčastnenými stranami o svojich znalostných iniciatívach, projektoch a iných otázkach súvisiacich so skúmaním manažmentu vedomostí. Či a do akej miery sú verejne dostupné zdroje na ich webových stránkach obsahujúce kľúčové slová naznačujúce vytvorenie kultúry vedomostí. | ||
| 610 | 2 | 0 | |a komunikácia |
| 610 | 2 | 0 | |a komunikácia elektronická |
| 610 | 2 | 0 | |a školy vysoké |
| 610 | 2 | 0 | |a marketing |
| 610 | 2 | 0 | |a stránky webové |
| 610 | 2 | 0 | |a manažment |
| 610 | 2 | 0 | |a vedomosti |
| 100 | 1 | |a Hlavatý, Ivan, 1978- | |